Když odchází mládí valčík /

Hlavní autor: Dvořák, Vlasta, 1928-2010
Další autoři: Beneš, Zdeněk, 1959-, Vrána, Jiří, 1947-2006, Čepelka, Miloň, 1936-
Jazyk: Čeština
Vydáno: Praha : Kubešovo hudební vydavatelství, [199-?]
Témata:
Fyzický popis: 1 řídící hlas + 16 hlasů ; 30 cm
Hudebniny Hudebniny
Uloženo v:
LEADER 01483ncm a2200385 a 4500
001 000729221
003 CZ BrMZK
005 20111101142253.0
007 qu
008 040817nuuuuuuuuxr wzade cze d
024 2 |a M-66055-369-5 
028 0 0 |a 30-0058  |b Kubešovo hudební vydavatelství 
040 |a BOA001  |b cze 
048 |b vu02  |a df 
072 7 |a 788  |x Hudba pro dechové nástroje  |2 Konspekt  |9 9 
080 |a 788  |2 MRF 
080 |a 785.12  |2 MRF 
080 |a 78.085.3  |2 MRF 
080 |a 78.087  |2 MRF 
100 1 |a Dvořák, Vlasta,  |d 1928-2010  |7 mzk2005286481  |4 cmp 
245 1 0 |a Když odchází mládí  |h [hudebnina] :  |b valčík /  |c hudba Vlasta Dvořák ; text Zdeněk Beneš 
254 |a Partitura a hlasy 
260 |a Praha :  |b Kubešovo hudební vydavatelství,  |c [199-?] 
300 |a 1 řídící hlas + 16 hlasů ;  |c 30 cm 
501 |a Společně s: Zvonička s voničkou : waltz / hudba Jiří Vrána ; text Miloň Čepelka 
650 0 4 |a waltzy (zpěv (2), dechová hudba) 
650 0 4 |a valčíky (zpěv (2), dechová hudba) 
650 0 7 |a dechová hudba (dechový orchestr)  |7 ph315352  |2 czenas 
700 1 2 |a Beneš, Zdeněk,  |d 1959-  |7 mzk2011667989  |4 lyr 
700 1 2 |a Vrána, Jiří,  |d 1947-2006  |7 jn19990210810  |4 cmp 
700 1 2 |a Čepelka, Miloň,  |d 1936-  |7 jk01021264  |4 lyr 
740 0 2 |a Zvonička s voničkou 
910 |a BOA001  |b Mus4-1137.638 
990 |a MU 
996 6 |b 2610222506  |c Mus4-1137.638  |l MZK  |r Sklad / do 1 hodiny  |n 2  |w 000729221  |u 000010  |a 1  |e BOA001  |j MZK50  |s P